[Event "Batatais IRT op"]
[Site "Batatais"]
[Date "2014.01.19"]
[Round "5"]
[White "De Souza, Mauricio Ribeiro"]
[Black "Rainho, Caio Gisse"]
[Result "1/2-1/2"]
[WhiteElo "1702"]
[BlackElo "1821"]
[PlyCount "26"]
[EventDate "2014.01.18"]
[EventType "swiss"]
[EventRounds "5"]
[EventCountry "BRA"]
[SourceTitle "CBM 158 Extra"]
[Source "ChessBase"]
[SourceDate "2014.02.28"]
[SourceVersion "1"]
[SourceVersionDate "2014.02.28"]
[SourceQuality "1"]

1. d4 Nf6 2. c4 e5 3. dxe5 Ng4 4. e4 Nxe5 5. Nf3 Nbc6 6. Be2 d6 7. 0-0 Be7 8. Nxe5 dxe5 9. Qxd8+ Nxd8 10. Nc3 c6 11. Be3 Ne6 12. Rad1 0-0 13. g3 Bc5 1/2-1/2

[Event "Batatais IRT op"]
[Site "Batatais"]
[Date "2014.01.19"]
[Round "4"]
[White "Deus Filho, Joaquim"]
[Black "De Souza, Mauricio Ribeiro"]
[Result "1-0"]
[WhiteElo "2012"]
[BlackElo "1702"]
[PlyCount "71"]
[EventDate "2014.01.18"]
[EventType "swiss"]
[EventRounds "5"]
[EventCountry "BRA"]
[SourceTitle "CBM 158 Extra"]
[Source "ChessBase"]
[SourceDate "2014.02.28"]
[SourceVersion "1"]
[SourceVersionDate "2014.02.28"]
[SourceQuality "1"]

1. b4 d5 2. Bb2 Bf5 3. e3 Nd7 4. f4 Ngf6 5. Be2 e6 6. a3 c6 7. d3 Bd6 8. Nf3 Qb6 9. d4 a5 10. c3 axb4 11. cxb4 Ne4 12. 0-0 Ndf6 13. Ne5 h5 14. Nc3 Ke7 15. Nxe4 Bxe4 16. Bc3 Rh7 17. Be1 h4 18. h3 Nd7 19. Bd3 Nf6 20. Be2 Nd7 21. Nxd7 Kxd7 22. Bd3 f5 23. Bxe4 fxe4 24. Qg4 Qd8 25. f5 Qf6 26. fxe6+ Qxe6 27. Rf7+ Be7 28. Bxh4 Qxg4 29. Rxe7+ Kd6 30. hxg4 Rxh4 31. Rxg7 Rah8 32. Kf2 b5 33. Rc1 Ra8 34. Rg6+ Kd7 35. Kg3 Rh7 36. Rgxc6 1-0

[Event "Altinopolis op 2nd"]
[Site "Altinopolis"]
[Date "2013.??.??"]
[Round "2"]
[White "Vicente, Cristiano Siqueira"]
[Black "De Souza, Mauricio Ribeiro"]
[Result "0-1"]
[WhiteElo "1500"]
[BlackElo "1689"]
[PlyCount "68"]
[EventDate "2013.03.22"]
[EventType "swiss"]
[EventRounds "6"]
[EventCountry "BRA"]
[SourceTitle "CBM 153 Extra"]
[Source "ChessBase"]
[SourceDate "2013.04.22"]
[SourceVersion "1"]
[SourceVersionDate "2013.04.22"]
[SourceQuality "1"]

1. d4 Nf6 2. c4 g6 3. Nc3 d5 4. cxd5 Nxd5 5. e4 Nxc3 6. bxc3 Bg7 7. Bc4 c5 8. Ne2 0-0 9. 0-0 cxd4 10. cxd4 Nc6 11. Be3 Bg4 12. f3 Bd7 13. Rb1 Rc8 14. a3 e6 15. Ba2 b6 16. Qd2 Qe7 17. d5 exd5 18. Bxd5 Na5 19. Qa2 Kh8 20. Bd2 Nc4 21. Bb4 Nd6 22. Rfd1 a5 23. Bxd6 Qxd6 24. Kh1 Qf6 25. Qb3 b5 26. Bb7 Rc7 27. Bd5 a4 28. Qe3 Rfc8 29. Rb4 Bf8 30. Qd4 Qxd4 31. Rbxd4 Be8 32. R1d3 Bc5 33. h3 Bxd4 34. Nxd4 Rc3 0-1